000 00611nam a2200181Ia 4500
008 100920s9999 xx 000 0 und d
082 _b66708
_a891.43 थ 93
100 _aपरसाई हरिशंकर.
245 _aतय की खोज.
260 _bदिवि पब्लिशर्स एण्ड डिस्ट्रीब्यूटर्स, दिल्ली.
_c1993
300 _a107
_bसाधी
365 _b60
520 _aहिंदी.
630 _aतय की खोज.
650 _aहिंदी.
730 _aतय की खोज.
942 _cBOOK
999 _c709274
_d709271